000 00501 a2200169 4500
003 OSt
005 20230908121108.0
008 230908b |||||||| |||| 00| 0 eng d
020 _a9789354082856
040 _coclc
082 _a070
_bKAR/J
100 _aKarackat, S D B Francis
_99447
245 _aJOURNALISM
_bA MANUAL FOR BUDDING SUBEDITORS /
_cDr. Francis Karackat
260 _aKochi:
_bDon Bosco,
_c2020.
300 _a263 p
942 _2ddc
_cBK
_h070
_iKAR/J
_k070
_mKAR/J
999 _c42154
_d42154